000 00777nam a22002417a 4500
999 _c20614
_d20614
003 AR-CdUCM
008 190531b ||||| |||| 00| 0 spa d
040 _aMUNICIPALIDAD PROVINCIAL DEL CUSCO
_cBIBLIOTECA MUNICIPAL DEL CUSCO
041 _heng
082 _a370.1523 /
_bSM61
100 _aSmiles, Samuel
_935155
245 _aAyúdate :
_bself-help/
260 _aBarcelona:
_bSopena,
_c1930.
300 _a344 páginas;
_c20 cm.
500 _aIncluye referencias bibliográficas
505 _aContenido: Ayuda propia -- Corifeos de la industria -- Tres grandes alfareros...
650 _aInglaterra
_91396
650 _aSajonia
_943082
650 _aBerlin
_913616
700 _aNúñez de Prado, G. (traductor)
_935158
942 _2ddc
_cLIBROS
945 _aJavier